000 00360nam a2200133Ia 4500
008 240624s9999 xx 000 0 und d
041 _aeng
082 _a658.4092 PRI
100 _aPRICE TERRY L
245 _aLEADERSHIP ETHICS AN INTRODUCTION
260 _c2008
_aCambridge
_bCambridge University Press
300 _axi, : 252 : p. : cm. ; 23
365 _c
_b28
999 _c22539
_d22539